Soil Engineering Testing, Design and Remediation (Record no. 234863)

000 -LEADER
fixed length control field nam a22 7a 4500
003 - CONTROL NUMBER IDENTIFIER
control field Nust
005 - DATE AND TIME OF LATEST TRANSACTION
control field 20170331122853.0
008 - FIXED-LENGTH DATA ELEMENTS--GENERAL INFORMATION
fixed length control field 170331b xxu||||| |||| 00| 0 eng d
022 ## - INTERNATIONAL STANDARD SERIAL NUMBER
Source 81-89729-96-9
040 ## - CATALOGING SOURCE
Transcribing agency DLC
082 ## - DEWEY DECIMAL CLASSIFICATION NUMBER
Classification number 624.151 RED
100 ## - MAIN ENTRY--PERSONAL NAME
Relator code Reddy, R. N.
245 ## - TITLE STATEMENT
Title Soil Engineering Testing, Design and Remediation
260 ## - PUBLICATION, DISTRIBUTION, ETC.
Place of publication, distribution, etc. New Delhi :
Name of publisher, distributor, etc. Gene Tech Books
Date of publication, distribution, etc. 2010
300 ## - PHYSICAL DESCRIPTION
Extent 272p. :
Dimensions 25 CM
942 ## - ADDED ENTRY ELEMENTS (KOHA)
Source of classification or shelving scheme
Koha item type Book
Holdings
Withdrawn status Lost status Source of classification or shelving scheme Damaged status Not for loan Permanent Location Current Location Date acquired Total Checkouts Full call number Barcode Date last seen Price effective from Koha item type
          School of Civil and Environmental Engineering (SCEE) School of Civil and Environmental Engineering (SCEE) 03/31/2017   624.151 RED NIT-8265 03/31/2017 03/31/2017 Book
© 2023 Central Library, National University of Sciences and Technology. All Rights Reserved.